| 000 | 00634nam a22001457a 4500 | ||
|---|---|---|---|
| 020 | _a978185613060-8 | ||
| 082 |
_a823 _bPHI/F |
||
| 100 | _aPHIL BRICK , ROMAN | ||
| 245 | _aFREAK THE MIGHTY | ||
| 260 |
_aLONDON _bUSBONE PUBLISHING LTD _c2004 |
||
| 300 | _a176 | ||
| 520 | _aFreak the Mighty is the moving story of an unlikely but powerful friendship between two boys who couldn't be more opposite. Max is unusually large for his age and is often teased by bullying classmates. Kevin, or Freak, as Max affectionately calls him, is extra tiny with various health issues but with a huge intellect. | ||
| 650 | _aSORT STORY | ||
| 942 | _cBK | ||
| 999 |
_c6445 _d6445 |
||